Who Starred In These UK TV Shows? - Statistics

General Stats
  • This quiz has been taken 180 times
  • The average score is 8 of 15
Answer Stats
Hint Answer % Correct
Play Your Cards Right, The Generation Game, Strictly Come Dancing Bruce Forsyth
95%
Open All Hours, Porridge, Clarence Ronnie Barker
84%
Coronation Street, Happy Valley, Last Tango In Halifax Sarah Lancashire
69%
Only When I Laugh, The Likely Lads, When The Boat Comes In James Bolam
68%
Time Team, Blackadder, Maid Marian And Her Merry Men Tony Robinson
67%
Peep Show, Upstart Crow, Would I Lie To You David Mitchell
63%
Victoria Wood - As Seen On TV, Keeping Up Appearances, Hetty Wainthropp Investigates Patricia Routledge
58%
Gavin And Stacey, Would I Lie To You, Human Remains Rob Brydon
57%
The Crown, Peep Show, Broadchurch Olivia Colman
55%
I Claudius, Last Tango In Halifax, Vicious Derek Jacobi
50%
Porridge, The Lovers, Rising Damp Richard Beckinsale
50%
Family Fortunes, Celebrity Squares, Argh It's The Mr Hell Show Bob Monkhouse
44%
Tenko, Coronation Street, Connie Stephanie Beacham
27%
Meet The Wife, Last Of The Summer Wine, Dinnerladies Thora Hird
16%
The Liver Birds, T-Bag, Emmerdale Elizabeth Estensen
13%
No matching quizzes found
Score Distribution
Percent of People with Each Score
Percentile by Number Answered
Your Score History
You have not taken this quiz